000 00906nam a2200265 i 4500
001 000007124
003 DO-SdBNP
005 20241030110953.0
007 ta
008 090904s2003 dr 000 0 spa d
020 _a9993424080
040 _aDO-SdBNP
_bspa
_cBNPHU
_erda
082 4 _axxx
_bxxx
_222
245 0 0 _aEducar en tiempos difíciles :
_bestudios y propuestas para el cambio /
_ctraducción, Sabina Barone ; edición, Raymundo González
264 4 _aSanto Domingo :
_bEditora Centro Cultural Poveda,
_c2003.
300 _a248 páginas :
_bilustraciones, gráficos ;
_c25 cm.
336 _atexto
_btxt
_2rdacontent
337 _asin mediación
_bn
_2rdamedia
338 _avolumen
_bnc
_2rdacarrier
490 1 _aAnuario pedagógico
_v6
504 _aBibliografía : páginas 223 -224
590 _aInventariado, 2024/BT
700 1 _aSabina Barone,
_etraductor
_4tr.
_919767
942 _2ddc
_cLBS1
999 _c6905
_d6905